Aplicación Web de control para las ferias tecnológicas de la facultad de Electrotecnia y computación FEC AWFT- FEC.

Presenta el estudio de factibilidad, análisis, diseño e implementación de una aplicación Web, para el apoyo de la administración y control de proyectos, grupos y presupuestos en las ferias tecnológicas de la facultad de Electrotecnia Computación FEC.

Bibliographic Details
Main Authors: Almanza Canales, Elizabeth Noemí, González Hernández, Josué Alberto
Other Authors: Tutor: Flores Quintana, Gloria Thalía
Format: Tesis Section = Libro
Language:Undetermined
Spanish
Published: Managua UNI 2012
Subjects:
LEADER 01232nam a2200277Ia 4500
008 240830s9999 xx 000 0 und d
040 |a BIBLIOTECA-RUSB/ Mon 005.369 A445 
041 |a spa 
082 |a Mon 005.369 A445 
100 1 |a Almanza Canales, Elizabeth Noemí  
100 1 |b González Hernández, Josué Alberto 
245 1 0 |a Aplicación Web de control para las ferias tecnológicas de la facultad de Electrotecnia y computación FEC AWFT- FEC. 
260 |a Managua  |b UNI  |c 2012 
300 |a 77 p. :il. 
500 |a Contiene: manual de usuario. 
502 |a Tesis (Ingeniero en Computación) - UNI, 2012. 
520 3 |a Presenta el estudio de factibilidad, análisis, diseño e implementación de una aplicación Web, para el apoyo de la administración y control de proyectos, grupos y presupuestos en las ferias tecnológicas de la facultad de Electrotecnia Computación FEC. 
650 7 |a PROGRAMACION Y PROGRAMAS DE COMPUTADORAS 
650 7 |b  DISEÑO DE PAGINAS WEB 
650 7 |c  DISEÑO DE BASES DE DATOS - MYSQL 
650 7 |d  ESTRUCTURA DE PAGINA WEB 
650 7 |e  APLICACIONES WEB 
700 1 |a Tutor:  |b Flores Quintana, Gloria Thalía 
942 |c BK  |2 ddc 
991 |a TESIS 
999 |c 19735